[Event "KAERNTNER SCHACHSOMMER 2013 22. int. Op"]
[Site "Feffernitz"]
[Date "2013.08.19"]
[Round "3"]
[White "Manhardt, Thomas"]
[Black "Pregl, Walter"]
[Result "1-0"]
[WhiteElo "2217"]
[BlackElo "2042"]
[PlyCount "113"]
[EventDate "2013.08.18"]
[EventRounds "9"]
[EventCountry "AUT"]
[SourceDate "2005.09.12"]

1. e4 c5 2. Nf3 d6 3. d4 cxd4 4. Nxd4 Nf6 5. Nc3 a6 6. Bc4 e6 7. Bb3 Be7 8. O-O
b5 9. Qf3 Qc7 10. Qg3 Nc6 11. Be3 Nxd4 12. Bxd4 Bb7 13. a3 Rg8 14. Rfe1 Nd7 15.
a4 b4 16. Na2 a5 17. c3 Nc5 18. Bxc5 Qxc5 19. cxb4 axb4 20. Rac1 Qa5 21. Qd3
Ba6 22. Qd2 Rb8 23. Rc6 Bb7 24. Rc2 Bc8 25. Rc4 Bd7 26. Rxb4 Rc8 27. Qe2 Bc6
28. Rc4 Kd7 29. Rec1 Bb7 30. Rxc8 Rxc8 31. Rxc8 Bxc8 32. Bc4 Kd8 33. Bb5 Qc7
34. h3 Bf6 35. b4 Bd4 36. Qc4 Qxc4 37. Bxc4 Kc7 38. Kf1 Bd7 39. a5 Kb7 40. b5
Bc5 41. Ke2 Be8 42. f3 Bd7 43. Kd3 Be8 44. Kc3 Bf2 45. Kb3 Bd7 46. Nb4 Be8 47.
b6 Bd7 48. Ba6+ Kb8 49. Kc4 Be3 50. Bb5 Bc8 51. Nc6+ Ka8 52. Ne7 Bb7 53. a6
Bxb6 54. axb7+ Kxb7 55. Be8 f6 56. Bf7 Bd8 57. Ng8 1-0

[Event "KAERNTNER SCHACHSOMMER 2013 22. int. Op"]
[Site "Feffernitz"]
[Date "2013.08.19"]
[Round "3"]
[White "Hofer, Christian"]
[Black "Kosmac, Blaz"]
[Result "1/2-1/2"]
[WhiteElo "1898"]
[BlackElo "2209"]
[PlyCount "73"]
[EventDate "2013.08.18"]
[EventRounds "9"]
[EventCountry "AUT"]
[SourceDate "2005.09.12"]

1. d4 c5 2. Nf3 cxd4 3. Qxd4 Nf6 4. c4 Nc6 5. Qd1 d5 6. e3 e5 7. cxd5 Nxd5 8.
Bc4 Bb4+ 9. Nfd2 Be6 10. O-O O-O 11. a3 Be7 12. e4 Nf4 13. Nc3 Nd4 14. Bxe6
fxe6 15. Nc4 Qc7 16. Bxf4 Rxf4 17. Ne3 b5 18. Rc1 Qb6 19. Ncd5 exd5 20. Nxd5
Qd6 21. Nxf4 exf4 22. Qg4 Rf8 23. Rc8 Rxc8 24. Qxc8+ Bf8 25. Qg4 Qe5 26. f3 Nc2
27. Qd7 Qxb2 28. Qe6+ Kh8 29. Qc8 Qxa3 30. Qxc2 Qe3+ 31. Kh1 Bc5 32. Rc1 Bf8
33. Qc8 Kg8 34. Qe6+ Kh8 35. Qc8 Kg8 36. Qe6+ Kh8 37. Qc8 1/2-1/2

[Event "KAERNTNER SCHACHSOMMER 2013 22. int. Op"]
[Site "Feffernitz"]
[Date "2013.08.19"]
[Round "3"]
[White "Stopa, Jacek"]
[Black "Baierlein, Martin"]
[Result "1-0"]
[WhiteElo "2491"]
[BlackElo "2032"]
[PlyCount "91"]
[EventDate "2013.08.18"]
[EventRounds "9"]
[EventCountry "AUT"]
[SourceDate "2005.09.12"]

1. Nf3 c5 2. c4 Nf6 3. g3 b6 4. b3 e6 5. Bg2 Bb7 6. Bb2 Be7 7. O-O d6 8. Nc3 a6
9. d4 cxd4 10. Qxd4 Qc7 11. Rac1 O-O 12. Qh4 Nbd7 13. g4 h6 14. Qh3 Nh7 15. Qg3
Rac8 16. h4 Qd8 17. Rfd1 Bxf3 18. Bxf3 Ne5 19. Bb7 Bxh4 20. Qg2 Rc7 21. Ne4
Rxb7 22. Bxe5 Rd7 23. Rxd6 Rxd6 24. Bxd6 Re8 25. Rd1 Be7 26. Rd3 Ng5 27. Nxg5
Bxg5 28. f4 Bf6 29. Qc6 Qa8 30. Qxb6 Qe4 31. Qf2 e5 32. Qf3 exf4 33. Qxe4 Rxe4
34. Kf2 g5 35. Kf3 Re8 36. b4 Rc8 37. c5 Kg7 38. a4 Bd8 39. b5 axb5 40. axb5 f5
41. gxf5 Bc7 42. Bxc7 Rxc7 43. c6 Kf6 44. Rc3 Kxf5 45. Rc5+ Ke6 46. b6 1-0

[Event "KAERNTNER SCHACHSOMMER 2013 22. int. Op"]
[Site "Feffernitz"]
[Date "2013.08.19"]
[Round "3"]
[White "Praznik, Niko"]
[Black "Kock, Hans-Uwe"]
[Result "1-0"]
[WhiteElo "2347"]
[BlackElo "1980"]
[PlyCount "129"]
[EventDate "2013.08.18"]
[EventRounds "9"]
[EventCountry "AUT"]
[SourceDate "2005.09.12"]

1. e4 c6 2. d4 d5 3. e5 Bf5 4. Nf3 e6 5. Be2 Ne7 6. O-O Nd7 7. Nbd2 h6 8. c4
Bh7 9. b3 Nf5 10. Bb2 Be7 11. Re1 Nf8 12. Nf1 Ng6 13. Ng3 Nf4 14. Bf1 Bb4 15.
Nxf5 Bxf5 16. Re3 g5 17. a3 Ba5 18. b4 Bc7 19. c5 O-O 20. Ne1 f6 21. g3 fxe5
22. dxe5 d4 23. Bxd4 Nd5 24. Rb3 a6 25. Ra2 Qe8 26. Bd3 Rd8 27. Rd2 Ne7 28.
Bxf5 Rxf5 29. Re3 Rd5 30. Bb2 Qf7 31. Nd3 Ng6 32. g4 Rf4 33. Nxf4 gxf4 34. Rb3
Bxe5 35. Rxd5 exd5 36. Bxe5 Nxe5 37. Qd4 Ng6 38. Rf3 Qe7 39. Kf1 Qe6 40. h3 Qe7
41. a4 Qg5 42. b5 h5 43. bxc6 bxc6 44. gxh5 Qxh5 45. Rb3 Ne5 46. h4 Qf5 47. Qb4
f3 48. Qb8+ Kg7 49. Rb7+ Nf7 50. Qg3+ Kf6 51. Kg1 d4 52. Rb4 Qe4 53. Kh2 Ne5
54. Qg5+ Ke6 55. Qh6+ Ng6 56. Rxd4 Qxd4 57. Qxg6+ Kd7 58. Qd6+ Qxd6+ 59. cxd6
Kxd6 60. Kg3 Ke5 61. Kxf3 Kf5 62. a5 c5 63. Ke3 Kg4 64. Kd3 Kxh4 65. Kc4 1-0

[Event "KAERNTNER SCHACHSOMMER 2013 22. int. Op"]
[Site "Feffernitz"]
[Date "2013.08.19"]
[Round "3"]
[White "Arztmann, Wolfgang"]
[Black "Raschun, Gerhard"]
[Result "1-0"]
[WhiteElo "2193"]
[BlackElo "1983"]
[PlyCount "128"]
[EventDate "2013.08.18"]
[EventRounds "9"]
[EventCountry "AUT"]
[SourceDate "2005.09.12"]

1. e4 e6 2. d4 d5 3. Nd2 Nf6 4. e5 Nfd7 5. Bd3 c5 6. c3 cxd4 7. cxd4 Qb6 8.
Ngf3 Nc6 9. O-O Nxd4 10. Nxd4 Qxd4 11. Nf3 Qb6 12. Qa4 a6 13. a3 Be7 14. Qg4 g6
15. Bg5 Qd8 16. Bh6 Bf8 17. Qf4 Bxh6 18. Qxh6 Qe7 19. Rac1 Nc5 20. Qg7 Rf8 21.
Bb1 Nb3 22. Rc3 Na5 23. h4 Nc6 24. Ng5 f5 25. exf6 Qxg7 26. fxg7 Rg8 27. Nxh7
Rxg7 28. Ng5 Ke7 29. f4 Bd7 30. Re1 Rf8 31. g3 Kd6 32. Nf3 b5 33. b4 a5 34. Rb3
axb4 35. axb4 Ra8 36. Ne5 Nd4 37. Rd3 Nf5 38. Rc3 Rc8 39. Rxc8 Bxc8 40. Rc1 Bd7
41. Kf2 Rg8 42. Bd3 Be8 43. Rc8 Ke7 44. Rb8 Nd6 45. Kf3 Rg7 46. g4 Nc4 47. Bxc4
dxc4 48. g5 Rg8 49. Rc8 Kd6 50. Kg4 Ke7 51. Ra8 Rg7 52. Kg3 Rg8 53. Ra7+ Kd8
54. Ng4 Rf8 55. Nf6 Bc6 56. Kg4 Kc8 57. h5 gxh5+ 58. Kxh5 Kb8 59. Ra3 Kc7 60.
Kg6 Rd8 61. Kf7 Rd3 62. Ra1 Rd4 63. g6 Rxf4 64. g7 e5 1-0

[Event "KAERNTNER SCHACHSOMMER 2013 22. int. Op"]
[Site "Feffernitz"]
[Date "2013.08.19"]
[Round "3"]
[White "Becker, Matthias"]
[Black "Wiesinger, Johann"]
[Result "1-0"]
[WhiteElo "2152"]
[BlackElo "1862"]
[PlyCount "59"]
[EventDate "2013.08.18"]
[EventRounds "9"]
[EventCountry "AUT"]
[SourceDate "2005.09.12"]

1. e4 e5 2. Nf3 Nc6 3. Bc4 Nf6 4. d3 Be7 5. Nbd2 d6 6. c3 O-O 7. Bb3 Na5 8. Bc2
c5 9. O-O Bg4 10. h3 Bh5 11. Re1 Nc6 12. Nf1 Qd7 13. Ng3 Bxf3 14. Qxf3 Ne8 15.
Nf5 Bf6 16. Bb3 Nd8 17. g4 g5 18. h4 Ne6 19. hxg5 Bxg5 20. Bxe6 fxe6 21. Bxg5
exf5 22. gxf5 Qg7 23. Kh1 Kh8 24. Rg1 Rg8 25. Qh5 Nf6 26. Qh4 Raf8 27. Bh6 Qf7
28. Bxf8 Rxg1+ 29. Rxg1 Qxf8 30. Rg6 1-0

[Event "KAERNTNER SCHACHSOMMER 2013 22. int. Op"]
[Site "Feffernitz"]
[Date "2013.08.19"]
[Round "3"]
[White "Trampitsch, Hannes"]
[Black "Laustsen, Karl-Johan"]
[Result "1-0"]
[WhiteElo "2037"]
[BlackElo "1893"]
[PlyCount "43"]
[EventDate "2013.08.18"]
[EventRounds "9"]
[EventCountry "AUT"]
[SourceDate "2005.09.12"]

1. e4 c5 2. Nf3 d6 3. d4 cxd4 4. c3 d3 5. Bxd3 Nc6 6. c4 g6 7. h3 Bg7 8. Nc3
Nf6 9. Be3 O-O 10. Rc1 b6 11. O-O Bb7 12. b3 Rc8 13. Bb1 Nd7 14. Nh2 Nc5 15. f4
Qc7 16. h4 Rcd8 17. h5 e6 18. hxg6 fxg6 19. f5 Bxc3 20. Rxc3 Qg7 21. Qd2 Ne5
22. Bh6 1-0

[Event "KAERNTNER SCHACHSOMMER 2013 22. int. Op"]
[Site "Feffernitz"]
[Date "2013.08.19"]
[Round "3"]
[White "Knaller, Christoph"]
[Black "Barucco, Mattia"]
[Result "1-0"]
[WhiteElo "2005"]
[BlackElo "2006"]
[PlyCount "101"]
[EventDate "2013.08.18"]
[EventRounds "9"]
[EventCountry "AUT"]
[SourceDate "2005.09.12"]

1. e4 e6 2. d4 d5 3. Nd2 Nf6 4. e5 Nfd7 5. f4 c5 6. Ndf3 Nc6 7. c3 Qb6 8. Ne2
cxd4 9. cxd4 Be7 10. Nc3 O-O 11. Bd3 f6 12. Na4 Qd8 13. O-O f5 14. Be3 Nb6 15.
Rc1 Nb4 16. Bb1 Nc4 17. Bd2 Nc6 18. b3 Nxd2 19. Qxd2 Ba3 20. Rcd1 Qe7 21. Nc3
a6 22. Bd3 Bd7 23. Nb1 Bb4 24. Qb2 Na7 25. a3 Ba5 26. b4 Bb6 27. Nbd2 Rfc8 28.
Rc1 h6 29. Nb3 Bb5 30. Bxb5 Nxb5 31. a4 Na7 32. a5 Bd8 33. Nc5 g5 34. fxg5 hxg5
35. Rc3 Nb5 36. Rd3 b6 37. axb6 Bxb6 38. Nxg5 Bxc5 39. bxc5 Kf8 40. Nh3 Ke8 41.
Nf4 Kd7 42. Rg3 Rg8 43. Rxg8 Rxg8 44. Ra1 Qh4 45. Qd2 Nc7 46. g3 Qg4 47. Rb1
Nb5 48. Kg2 Kc6 49. Rb3 Rb8 50. h3 Qg8 51. Qa5 1-0

[Event "KAERNTNER SCHACHSOMMER 2013 22. int. Op"]
[Site "Feffernitz"]
[Date "2013.08.19"]
[Round "3"]
[White "Oberberger, Guenther"]
[Black "Ivanov, Mikhail"]
[Result "0-1"]
[WhiteElo "1866"]
[BlackElo "2390"]
[PlyCount "46"]
[EventDate "2013.08.18"]
[EventRounds "9"]
[EventCountry "AUT"]
[SourceDate "2005.09.12"]

1. e4 c5 2. Nf3 Nc6 3. d4 cxd4 4. Nxd4 g6 5. c4 Bg7 6. Nxc6 bxc6 7. Nc3 d6 8.
Qc2 Nf6 9. Be2 O-O 10. O-O Be6 11. Bg5 Qa5 12. Bd2 Qc7 13. Bf4 Nd7 14. Rac1 a5
15. b3 Nc5 16. Be3 Rfb8 17. Bf3 a4 18. Nxa4 Nxa4 19. bxa4 Rb2 20. Qd1 Rxa2 21.
Bd4 Bxd4 22. Qxd4 c5 23. Qe3 R8xa4 0-1

[Event "KAERNTNER SCHACHSOMMER 2013 22. int. Op"]
[Site "Feffernitz"]
[Date "2013.08.19"]
[Round "3"]
[White "Zeuner, Michael"]
[Black "Dieli, Riccardo"]
[Result "0-1"]
[WhiteElo "2164"]
[BlackElo "1853"]
[PlyCount "68"]
[EventDate "2013.08.18"]
[EventRounds "9"]
[EventCountry "AUT"]
[SourceDate "2005.09.12"]

1. e4 c5 2. Nf3 Nc6 3. d4 cxd4 4. Nxd4 g6 5. c4 Bg7 6. Be3 d6 7. Nc3 Nf6 8. Be2
O-O 9. O-O a6 10. Rc1 Bd7 11. a4 Rc8 12. b3 Re8 13. f3 Qb6 14. Nf5 Qb4 15. Nxg7
Kxg7 16. Nd5 Nxd5 17. exd5 Nd8 18. c5 dxc5 19. Rc4 Qa5 20. Bxc5 f6 21. Qd4 Nf7
22. Rfc1 e5 23. Qe3 b6 24. Bxb6 Qxd5 25. Rd1 Qb7 26. Rb4 Rc6 27. Bxa6 Qxa6 28.
Rxd7 Rec8 29. Rb5 Rc1+ 30. Kf2 Qa8 31. Rbd5 Qc6 32. a5 h5 33. Rd1 Rc2+ 34. R1d2
Qxd7 0-1

[Event "KAERNTNER SCHACHSOMMER 2013 22. int. Op"]
[Site "Feffernitz"]
[Date "2013.08.19"]
[Round "3"]
[White "Reichenbacher, Gerhard"]
[Black "Jandke, Manfred"]
[Result "0-1"]
[WhiteElo "1806"]
[BlackElo "2095"]
[PlyCount "54"]
[EventDate "2013.08.18"]
[EventRounds "9"]
[EventCountry "AUT"]
[SourceDate "2005.09.12"]

1. c4 Nf6 2. g3 e5 3. Bg2 Nc6 4. Nc3 Bc5 5. e3 d6 6. Nge2 O-O 7. O-O a6 8. a3
Bg4 9. b4 Ba7 10. b5 axb5 11. cxb5 Na5 12. h3 Be6 13. Rb1 Qd7 14. g4 Rad8 15.
f4 Qc8 16. f5 Bd7 17. a4 d5 18. Nxd5 Nxd5 19. Bxd5 Bxf5 20. Rxf5 Rxd5 21. Nc3
Bxe3+ 22. Kg2 Rd7 23. Rf3 Bf4 24. Ne2 Bxd2 25. Bxd2 Nc4 26. Rb4 Nxd2 27. Rf2
Ne4 0-1

[Event "KAERNTNER SCHACHSOMMER 2013 22. int. Op"]
[Site "Feffernitz"]
[Date "2013.08.19"]
[Round "3"]
[White "Pacher, Simon"]
[Black "Hoegl, Emanuel"]
[Result "1-0"]
[WhiteElo "2056"]
[BlackElo "1844"]
[PlyCount "55"]
[EventDate "2013.08.18"]
[EventRounds "9"]
[EventCountry "AUT"]
[SourceDate "2005.09.12"]

1. e4 c6 2. Nf3 d5 3. exd5 cxd5 4. Ne5 Nf6 5. d4 Nbd7 6. Bd3 e6 7. f4 Be7 8.
O-O O-O 9. Nd2 Bd6 10. g4 Qb6 11. Ndf3 Bxe5 12. fxe5 Nxe5 13. Bxh7+ Nxh7 14.
Nxe5 Qd8 15. g5 g6 16. h4 Qe8 17. Rf6 Nxf6 18. gxf6 Kh7 19. Qd2 g5 20. hxg5 Rh8
21. g6+ Kg8 22. gxf7+ Qxf7 23. Nxf7 Kxf7 24. Qf4 Rg8+ 25. Kf2 Bd7 26. Qd6 Be8
27. Qe7+ Kg6 28. f7 1-0

[Event "KAERNTNER SCHACHSOMMER 2013 22. int. Op"]
[Site "Feffernitz"]
[Date "2013.08.19"]
[Round "3"]
[White "Gebhardt, Christian"]
[Black "Eisenbeiser, Karlheinz"]
[Result "0-1"]
[WhiteElo "1798"]
[BlackElo "2000"]
[PlyCount "42"]
[EventDate "2013.08.18"]
[EventRounds "9"]
[EventCountry "AUT"]
[SourceDate "2005.09.12"]

1. d4 d6 2. e4 g6 3. Nc3 Bg7 4. f4 Nf6 5. Nf3 O-O 6. e5 Nfd7 7. h4 c5 8. h5
cxd4 9. Qxd4 Nc6 10. Qf2 e6 11. Qg3 dxe5 12. hxg6 fxg6 13. Qh3 exf4 14. Qxe6+
Kh8 15. Qxg6 Bxc3+ 16. bxc3 Qe7+ 17. Kd1 Nde5 18. Qh6 Ng4 19. Ba3 Qd7+ 20. Qd6
Qxd6+ 21. Bxd6 Rd8 0-1

[Event "KAERNTNER SCHACHSOMMER 2013 22. int. Op"]
[Site "Feffernitz"]
[Date "2013.08.19"]
[Round "3"]
[White "Mostoegl, Konrad"]
[Black "Zauchner, Markus"]
[Result "0-1"]
[WhiteElo "1997"]
[BlackElo "1814"]
[PlyCount "98"]
[EventDate "2013.08.18"]
[EventRounds "9"]
[EventCountry "AUT"]
[SourceDate "2005.09.12"]

1. e4 e6 2. c4 d5 3. exd5 exd5 4. d4 Nf6 5. Bg5 Be7 6. Nf3 O-O 7. Bd3 Bb4+ 8.
Nc3 Qe8+ 9. Be3 dxc4 10. Bxc4 Bg4 11. h3 Bh5 12. Qb3 c5 13. O-O-O cxd4 14. Bxd4
Nc6 15. Bxf6 gxf6 16. Nd5 Kg7 17. Nxb4 Na5 18. Qc3 Nxc4 19. Kb1 Rc8 20. Ka1 Ne5
21. Qd2 Rd8 22. Qf4 Rxd1+ 23. Rxd1 Bxf3 24. gxf3 Ng6 25. Rg1 Qe5 26. Qe4 Re8
27. Re1 Qxe4 28. fxe4 f5 29. f3 fxe4 30. fxe4 f5 31. Nd5 fxe4 32. b4 h5 33. Kb2
Re5 34. Rd1 e3 35. Nc3 e2 36. Re1 Nf4 37. Kb3 Nd3 38. Rg1+ Kf6 39. Nxe2 Rxe2
40. Rg3 Nc1+ 41. Kc4 Nxa2 42. Rf3+ Ke6 43. b5 Rc2+ 44. Kb3 Rc3+ 45. Rxc3 Nxc3
46. Kxc3 Kd5 47. Kb4 a6 48. b6 Kc6 49. Ka5 h4 0-1

[Event "KAERNTNER SCHACHSOMMER 2013 22. int. Op"]
[Site "Feffernitz"]
[Date "2013.08.19"]
[Round "3"]
[White "Schuhmacher, Jakob"]
[Black "Gruber, Otmar"]
[Result "1-0"]
[WhiteElo "1990"]
[BlackElo "1792"]
[PlyCount "91"]
[EventDate "2013.08.18"]
[EventRounds "9"]
[EventCountry "AUT"]
[SourceDate "2005.09.12"]

1. d4 Nf6 2. c4 e6 3. Nf3 d5 4. Bg5 Be7 5. e3 O-O 6. Nc3 c6 7. Qc2 Nbd7 8. cxd5
exd5 9. Bd3 h6 10. Bh4 Re8 11. O-O Nb6 12. Ne5 Ng4 13. Bg3 Nxe5 14. Bxe5 f6 15.
Bf4 Bd6 16. Bxd6 Qxd6 17. h3 Be6 18. Ne2 Re7 19. Nf4 Bf7 20. a4 Rae8 21. a5 Nd7
22. Rfc1 a6 23. Ne2 Rc8 24. Ng3 Be6 25. Qe2 Nf8 26. Bf5 Kh8 27. Ra3 g6 28. Bb1
Kg7 29. Rb3 Rcc7 30. Rb6 f5 31. Qf3 Rf7 32. Ne2 Nd7 33. Rb3 Nf6 34. Nf4 Ne4 35.
Bxe4 fxe4 36. Qg3 Rxf4 37. Qxf4 Qxf4 38. exf4 Bc8 39. Kh2 h5 40. Re3 Rf7 41. g3
Bf5 42. Rg1 Kh6 43. g4 hxg4 44. hxg4 Bc8 45. Rh3+ Kg7 46. Kg3 1-0

[Event "KAERNTNER SCHACHSOMMER 2013 22. int. Op"]
[Site "Feffernitz"]
[Date "2013.08.20"]
[Round "4"]
[White "Kesik, Klaus-Dieter"]
[Black "Malakhatko, Vadim"]
[Result "0-1"]
[WhiteElo "2233"]
[BlackElo "2525"]
[PlyCount "64"]
[EventDate "2013.08.18"]
[EventRounds "9"]
[EventCountry "AUT"]
[SourceDate "2005.09.12"]

1. d4 Nf6 2. Nf3 e6 3. c4 b6 4. g3 Ba6 5. Qc2 Bb7 6. Nbd2 c5 7. dxc5 bxc5 8.
Bg2 Nc6 9. O-O Qc7 10. a3 Be7 11. e4 O-O 12. Re1 d6 13. Qc3 Nd7 14. Rb1 a5 15.
b3 Bf6 16. Qc2 Rab8 17. h4 Ba8 18. Bb2 Rb6 19. Bxf6 Nxf6 20. Qc3 e5 21. a4 Rfb8
22. Rb2 Qb7 23. Qe3 Nd4 24. Nxd4 cxd4 25. Qf3 Nd7 26. h5 h6 27. Qf5 Nc5 28. Rf1
Qe7 29. f4 Bc6 30. fxe5 dxe5 31. Nf3 Nd3 32. Nxe5 Nxe5 0-1

[Event "KAERNTNER SCHACHSOMMER 2013 22. int. Op"]
[Site "Feffernitz"]
[Date "2013.08.20"]
[Round "4"]
[White "Manhardt, Thomas"]
[Black "Zozulia, Anna"]
[Result "0-1"]
[WhiteElo "2217"]
[BlackElo "2316"]
[PlyCount "66"]
[EventDate "2013.08.18"]
[EventRounds "9"]
[EventCountry "AUT"]
[SourceDate "2005.09.12"]

1. e4 c5 2. Nf3 e6 3. c4 Nc6 4. Nc3 Nf6 5. Be2 d5 6. exd5 exd5 7. cxd5 Nxd5 8.
O-O Be7 9. d4 Nxc3 10. bxc3 cxd4 11. Nxd4 Nxd4 12. cxd4 O-O 13. Bf3 Bd6 14. Be3
Rb8 15. Rb1 b5 16. Qd3 b4 17. a3 Qf6 18. axb4 Bf5 19. Be4 Bxh2+ 20. Kh1 Bxe4
21. Qxe4 Rfe8 22. Qg4 Bc7 23. g3 Qc6+ 24. Kg1 Qd5 25. Rfc1 Bd6 26. b5 h5 27.
Qd7 Rbd8 28. Qc6 Qf5 29. Kg2 h4 30. gxh4 Re4 31. b6 Rg4+ 32. Kh1 Rxh4+ 33. Kg2
Rg4+ 0-1

[Event "KAERNTNER SCHACHSOMMER 2013 22. int. Op"]
[Site "Feffernitz"]
[Date "2013.08.20"]
[Round "4"]
[White "Arztmann, Wolfgang"]
[Black "Stopa, Jacek"]
[Result "0-1"]
[WhiteElo "2193"]
[BlackElo "2491"]
[PlyCount "86"]
[EventDate "2013.08.18"]
[EventRounds "9"]
[EventCountry "AUT"]
[SourceDate "2005.09.12"]

1. e4 e5 2. Nf3 Nc6 3. Nc3 Nf6 4. d4 exd4 5. Nxd4 Bb4 6. Nxc6 bxc6 7. Bd3 d5 8.
exd5 cxd5 9. O-O O-O 10. h3 h6 11. Qf3 Rb8 12. Ne2 Re8 13. Nd4 Rb6 14. c3 Bf8
15. Be3 c5 16. Nf5 Ne4 17. Qh5 Qf6 18. Bxe4 dxe4 19. Ng3 Rxb2 20. Bxc5 Re5 21.
Bd4 Rxh5 22. Bxf6 Ra5 23. Bd4 f5 24. Rfb1 Raxa2 25. Nh5 a6 26. g3 Kf7 27. Nf4
Bb7 28. h4 g5 29. hxg5 hxg5 30. Ng2 Ke6 31. Ne3 f4 32. gxf4 gxf4 33. Nc4 Rxa1
34. Rxa1 Rb5 35. Kf1 Bh6 36. Ke1 Rh5 37. Kd2 Rh2 38. Rg1 e3+ 39. Ke1 Be4 40.
fxe3 f3 41. Rf1 Re2+ 42. Kd1 Ra2 43. Re1 f2 0-1

[Event "KAERNTNER SCHACHSOMMER 2013 22. int. Op"]
[Site "Feffernitz"]
[Date "2013.08.20"]
[Round "4"]
[White "Mazi, Leon"]
[Black "Becker, Matthias"]
[Result "1-0"]
[WhiteElo "2368"]
[BlackElo "2152"]
[PlyCount "115"]
[EventDate "2013.08.18"]
[EventRounds "9"]
[EventCountry "AUT"]
[SourceDate "2005.09.12"]

1. e4 e5 2. Nf3 Nc6 3. Bb5 a6 4. Bxc6 dxc6 5. O-O Qf6 6. d4 exd4 7. Qxd4 Qxd4
8. Nxd4 Bd7 9. Be3 O-O-O 10. Nc3 Ne7 11. Rfe1 Ng6 12. f4 f6 13. a3 h5 14. g3 h4
15. Nf3 hxg3 16. hxg3 Re8 17. Kf2 c5 18. f5 Ne5 19. Nxe5 Rxe5 20. Rh1 Rg8 21.
Rh7 Bc6 22. Bf4 Re8 23. Kf3 Bd6 24. Bxd6 cxd6 25. Rd1 Kc7 26. g4 Re5 27. Kf4
Kd7 28. Rg1 Ke7 29. g5 Kf8 30. gxf6 gxf6 31. Rd1 Rg7 32. Rxg7 Kxg7 33. Rxd6 Re7
34. Nd5 Bxd5 35. Rxd5 Rc7 36. e5 fxe5+ 37. Kxe5 c4 38. Ke6 c3 39. b3 Rc6+ 40.
Rd6 Rxd6+ 41. Kxd6 Kf6 42. Kd5 Kxf5 43. Kd4 Ke6 44. Kxc3 Kd5 45. Kd3 a5 46. c4+
Kc5 47. Kc3 b6 48. Kd3 Kc6 49. Kd4 Kd6 50. b4 axb4 51. axb4 Ke6 52. Ke4 Kd6 53.
Kf5 Ke7 54. Ke5 Kd7 55. Kd5 Kc7 56. Ke6 Kc6 57. Ke7 Kc7 58. b5 1-0

[Event "KAERNTNER SCHACHSOMMER 2013 22. int. Op"]
[Site "Feffernitz"]
[Date "2013.08.20"]
[Round "4"]
[White "Strobel, Matthias"]
[Black "Praznik, Niko"]
[Result "1-0"]
[WhiteElo "2096"]
[BlackElo "2347"]
[PlyCount "99"]
[EventDate "2013.08.18"]
[EventRounds "9"]
[EventCountry "AUT"]
[SourceDate "2005.09.12"]

1. d4 g6 2. Nf3 Bg7 3. Bf4 d6 4. e3 Nf6 5. c3 O-O 6. Bd3 Nbd7 7. h3 Qe8 8. Bh2
e5 9. Bb5 c6 10. Ba4 Qe7 11. O-O e4 12. Nfd2 d5 13. Bb3 a6 14. c4 b5 15. cxd5
cxd5 16. a4 b4 17. f3 exf3 18. Qxf3 a5 19. Re1 Bb7 20. Qf4 Rac8 21. Nf3 Rfe8
22. Nbd2 Nb6 23. Ne5 Nh5 24. Qf2 f6 25. Nd3 Bh6 26. Bf4 g5 27. Qf3 Ng7 28. Bh2
Nc4 29. Nf1 Qf7 30. g4 f5 31. Nc5 Ba8 32. Rac1 Nxb2 33. Qe2 Nc4 34. Qa2 Rcd8
35. Bxc4 dxc4 36. Qxc4 Bd5 37. Qa6 Ne6 38. Nxe6 Bxe6 39. Rc7 Qg6 40. gxf5 Qxf5
41. e4 Qxh3 42. Be5 Rf8 43. Ng3 Rxd4 44. Qa7 Rd7 45. Rxd7 Bxd7 46. Rd1 Bg4 47.
Rd2 Qh4 48. Qb7 Bf3 49. Qd5+ Rf7 50. Rf2 1-0

[Event "KAERNTNER SCHACHSOMMER 2013 22. int. Op"]
[Site "Feffernitz"]
[Date "2013.08.20"]
[Round "4"]
[White "Eisenbeiser, Amadeus"]
[Black "Trampitsch, Hannes"]
[Result "1-0"]
[WhiteElo "2336"]
[BlackElo "2037"]
[PlyCount "60"]
[EventDate "2013.08.18"]
[EventRounds "9"]
[EventCountry "AUT"]
[SourceDate "2005.09.12"]

1. e4 b6 2. Nc3 Bb7 3. Nf3 e6 4. d3 Nf6 5. Be2 c5 6. e5 Nd5 7. Ne4 d6 8. Bg5
Qc7 9. c4 Nb4 10. Bf4 d5 11. Nd6+ Bxd6 12. exd6 Qd8 13. a3 N4a6 14. O-O O-O 15.
Bg3 Nd7 16. d4 Nf6 17. cxd5 Nxd5 18. Qa4 Nb8 19. dxc5 bxc5 20. Ne5 f6 21. Nd3
Nd7 22. Rac1 N5b6 23. Qa5 c4 24. Nb4 Bd5 25. Nxd5 Nxd5 26. Qxd8 Rfxd8 27. Bxc4
N7b6 28. Ba2 Rac8 29. Rfd1 Kf8 30. f4 Rxd6 1-0

[Event "KAERNTNER SCHACHSOMMER 2013 22. int. Op"]
[Site "Feffernitz"]
[Date "2013.08.20"]
[Round "4"]
[White "Kosmac, Blaz"]
[Black "Knaller, Christoph"]
[Result "1/2-1/2"]
[WhiteElo "2209"]
[BlackElo "2005"]
[PlyCount "81"]
[EventDate "2013.08.18"]
[EventRounds "9"]
[EventCountry "AUT"]
[SourceDate "2005.09.12"]

1. e4 Nf6 2. e5 Nd5 3. d4 d6 4. c4 Nb6 5. exd6 cxd6 6. Nc3 g6 7. Be3 Bg7 8. Rc1
O-O 9. b3 e5 10. dxe5 dxe5 11. Qxd8 Rxd8 12. c5 N6d7 13. Bc4 Nc6 14. Nf3 h6 15.
Ne4 Nf8 16. Nd6 Rd7 17. O-O Re7 18. Nxc8 Rxc8 19. Rfd1 Ne6 20. Rd6 Ned4 21.
Bxd4 exd4 22. Rxg6 Ne5 23. Nxe5 Rxe5 24. b4 b6 25. c6 b5 26. Bb3 d3 27. Rd6 Bf8
28. Rxd3 Rxc6 29. Rg3+ Kh7 30. Rf1 Bxb4 31. Bxf7 Rf6 32. Bb3 Bc5 33. Bc2+ Kh8
34. Bd3 Re1 35. Rxe1 Bxf2+ 36. Kh1 Bxe1 37. Re3 Bd2 38. Re8+ Kg7 39. Bxb5 Rb6
40. Bd3 Kf6 41. g3 1/2-1/2

[Event "KAERNTNER SCHACHSOMMER 2013 22. int. Op"]
[Site "Feffernitz"]
[Date "2013.08.20"]
[Round "4"]
[White "Ivanov, Mikhail"]
[Black "Hofer, Christian"]
[Result "1-0"]
[WhiteElo "2390"]
[BlackElo "1898"]
[PlyCount "39"]
[EventDate "2013.08.18"]
[EventRounds "9"]
[EventCountry "AUT"]
[SourceDate "2005.09.12"]

1. Nf3 Nf6 2. c4 g6 3. Nc3 d5 4. cxd5 Nxd5 5. Qb3 Nb6 6. d4 Bg7 7. Bf4 O-O 8.
e3 Be6 9. Qa3 c6 10. Ng5 Bc4 11. Bxc4 Nxc4 12. Qb3 e5 13. dxe5 Qd2+ 14. Kf1
Qd3+ 15. Kg1 b5 16. e6 fxe6 17. Nxe6 Na6 18. Nxb5 Nxb2 19. Nxf8+ Kh8 20. Ne6
1-0

[Event "KAERNTNER SCHACHSOMMER 2013 22. int. Op"]
[Site "Feffernitz"]
[Date "2013.08.20"]
[Round "4"]
[White "Praznik, Anton"]
[Black "Hefner, Felix"]
[Result "1-0"]
[WhiteElo "2154"]
[BlackElo "1923"]
[PlyCount "103"]
[EventDate "2013.08.18"]
[EventRounds "9"]
[EventCountry "AUT"]
[SourceDate "2005.09.12"]

1. e4 d6 2. d4 Nf6 3. Nc3 e5 4. dxe5 dxe5 5. Qxd8+ Kxd8 6. Bg5 Nbd7 7. O-O-O
Bd6 8. Bc4 Ke7 9. Nd5+ Ke8 10. f3 Nxd5 11. Bxd5 f6 12. Be3 Bc5 13. Rd3 Bxe3+
14. Rxe3 Nb6 15. Bb3 Ke7 16. Ne2 Be6 17. Rc3 c6 18. a4 Bxb3 19. Rxb3 Rab8 20.
a5 Na4 21. Rb4 Nc5 22. Rc4 Na6 23. Rd1 Rhd8 24. Rd3 Rxd3 25. cxd3 Rd8 26. d4
exd4 27. Nxd4 Rd7 28. b4 Nc7 29. Kc2 a6 30. Nf5+ Kf7 31. Rd4 Rxd4 32. Nxd4 g6
33. Kd3 Ke7 34. Nb3 Ne6 35. Kc4 Kd6 36. Nd4 Nf8 37. f4 Nd7 38. Nb3 b6 39. axb6
Nxb6+ 40. Kd4 Nd7 41. Nc5 Nf8 42. g3 h6 43. Nxa6 Ne6+ 44. Kc4 g5 45. f5 Nd8 46.
Nc5 Nf7 47. Nd3 Nd8 48. g4 Nf7 49. Kd4 Kc7 50. e5 fxe5+ 51. Nxe5 Nd6 52. f6 1-0

[Event "KAERNTNER SCHACHSOMMER 2013 22. int. Op"]
[Site "Feffernitz"]
[Date "2013.08.20"]
[Round "4"]
[White "Eulering, Georg"]
[Black "Ranker, Klemens"]
[Result "1-0"]
[WhiteElo "2137"]
[BlackElo "1934"]
[PlyCount "25"]
[EventDate "2013.08.18"]
[EventRounds "9"]
[EventCountry "AUT"]
[SourceDate "2005.09.12"]

1. e4 c5 2. c3 Nc6 3. d4 cxd4 4. cxd4 g6 5. d5 Nb8 6. Qd4 f6 7. Nc3 d6 8. Nf3
Nh6 9. Bb5+ Bd7 10. Bxd7+ Nxd7 11. Ng5 Nc5 12. b4 Na6 13. Ne6 1-0